Départements français au temps de la Révolution française - Statistiques

Statistiques générales
  • Ce quiz a été pris 42 fois
  • Le résultat moyen est 61 sur 83
Statistiques - réponses
Numéros Départements % Correct
01 Ain
97%
02 Aisne
94%
03 Allier
94%
17 Cher
89%
15 Charente
86%
28 Finistère
86%
32 Gironde
86%
34 Ille-et-Vilaine
86%
43 Loiret
86%
71 Seine
86%
06 Ardèche
83%
09 Aube
83%
10 Aude
83%
35 Indre
83%
36 Indre-et-Loire
83%
38 Jura
83%
54 Morbihan
83%
07 Ardennes
81%
13 Calvados
81%
14 Cantal
81%
19 Corse
81%
24 Doubs
81%
26 Eure
81%
29 Gard
81%
33 Hérault
81%
39 Landes
81%
76 Somme
81%
12 Bouches-du-Rhône
78%
25 Drôme
78%
49 Marne
78%
51 Mayenne
78%
52 Meurthe
78%
55 Moselle
78%
57 Nord
78%
60 Pas-de-Calais
78%
08 Ariège
75%
66 Bas-Rhin
75%
20 Côte-d'Or
75%
22 Creuse
75%
27 Eure-et-Loir
75%
30 Haute-Garonne
75%
65 Haut-Rhin
75%
40 Loir-et-Cher
75%
47 Maine-et-Loire
75%
48 Manche
75%
53 Meuse
75%
58 Oise
75%
69 Saône-et-Loire
75%
70 Sarthe
75%
79 Vendée
75%
11 Aveyron
72%
18 Corrèze
72%
23 Dordogne
72%
50 Haute-Marne
72%
04 Hautes-Alpes
72%
68 Haute-Saône
72%
81 Haute-Vienne
72%
61 Puy-de-Dôme
72%
77 Tarn
72%
78 Var
72%
82 Vosges
72%
31 Gers
69%
41 Haute-Loire
69%
62 Hautes-Pyrénées
69%
37 Isère
69%
44 Lot
69%
59 Orne
69%
80 Vienne
69%
46 Lozère
67%
56 Nièvre
67%
64 Pyrénées-Orientales
67%
83 Yonne
67%
45 Lot-et-Garonne
64%
73 Seine-et-Marne
61%
75 Deux-Sèvres
56%
05 Basses-Alpes
47%
63 Basses-Pyrénées
47%
74 Seine-et-Oise
47%
72 Seine-Inférieure
47%
16 Charente-Inférieure
44%
21 Côtes-du-Nord
44%
42 Loire-Inférieure
44%
67 Rhône-et-Loire
39%
Aucun quiz correspondant
Distribution des résultats
% des personnes avec chaque résultat
Percentile par nombre de réponses
Votre historique - résultats
Vous n’avez pas pris ce quiz